| 000 | 00684nam a2200217Ii 4500 | ||
|---|---|---|---|
| 003 | JO-AjNU | ||
| 005 | 20240629131905.0 | ||
| 008 | 230605s9999||||xx |||||||||||||| ||und|| | ||
| 040 |
_aJO-AjNU _bara _erda _cJO-AjNU |
||
| 041 | _aara | ||
| 050 | 1 | 4 | _aPJ7542.M8.A2222 1992 |
| 100 | 3 |
_aعبد الجليل، عبد العزيز, _eauthor _918406 |
|
| 245 | 0 | 0 | _aالموشحات الأندلسية |
| 264 | 3 | 1 | _aالقاهرة: دار المعارف، 1992 |
| 300 | _a262ص | ||
| 336 |
_atext _btxt _2rdacontent |
||
| 337 |
_aunmediated _bn _2rdamedia |
||
| 338 |
_avolume _bnc _2rdacarrier |
||
| 650 | 4 |
_aالشعر العربي - موشحات - الأندلس _918407 |
|
| 942 |
_2lcc _cBK |
||
| 999 |
_c9448 _d9448 |
||